000 00693nam a2200217Ia 4500
003 GCL
008 140319s9999 xx 000 0 ara d
040 _aGCL /
_cGCL
082 0 4 _a515.1
_bب م
100 1 _aبول هويل
245 1 0 _aمبادئ الرياضيات وتطبيقاتها فى الاقتصاد والتجارة والعلوم الادارية /
_cبول هويل
700 1 _aاحمد العلاونة
700 1 _aحسن العزة
260 _a[S.N] :
_bمركز الكتب الاردنى
300 _a304 ص
490 _a
650 0 4 _aالتفاضل والتكامل
650 0 4 _aالرياضيات
650 0 4 _aالجبر الخطى
942 _2ddc
_cBK
999 _c56097
_d56097